000 00474nam a2200169Ia 4500
003 GCL
008 140319s9999 xx 000 0 ara d
040 _aGCL /
_cGCL
082 0 4 _aط
_b813.02
_bك ا
100 1 _aكامل كيلانى
245 1 0 _aالقصر الهندسى /
_cكامل كيلانى
490 _aاساطير العالم
_v0
650 0 4 _aالاطفال
650 0 4 _aقصص الاطفال
650 0 4 _aالقصص الخرافية
942 _2ddc
_cBK
999 _c51692
_d51692